000 01241cam a22003377a 4500
003 CHAP
005 20220817043629.0
008 000228d1994 mx r 00110 spa d
010 _a80156
011 _a81128
020 _a9683641571
035 _a91590
040 _cCHAP
082 0 4 _a972.083
_bL4
100 0 0 _aLópez Cámara, Francisco.
_967779
245 1 3 _aLa descomposición del sistema político mexicano, 1987 :
_blos prolegómenos del colapso (obra póstuma)
_c/por Francisco López Cámara
260 _aCuernavaca, Mor. :
_bUniversidad Nacional Autónoma de México. Centro Regional de Investigaciones Multidisciplinarias,
_c1994.
300 _a150 p.
590 _aBATCH-UPD
_b10
_c20130110
_lUCH01
_h1132
590 _aBATCH-UPD
_b10
_c20130410
_lUCH01
_h0721
590 _aBATCH-UPD
_b10
_c20130914
_lUCH01
_h1731
590 _aBATCH-UPD
_b10
_c20161124
_lUCH01
_h1711
590 _aCONVERSION
_b10
_c20130109
_lUCH01
_h1345
650 1 4 _aMéxico
_xCondiciones económicas.
650 1 4 _aMéxico
_xCondiciones sociales.
_976730
651 4 _aMéxico
_xPolítica y gobierno.
_976783
901 _aBK
905 _aGuadalupe Pinto C.
942 _cLIBRO
949 _a972.083 L4
_bBC
_cLIBRO
_d33724000763454
_eLIBRO
_h96633
_i91590
_sb
999 _c80156
_d80156